000 00716nam a2200229Ia 4500
003 GCL
005 20240530103436.0
008 140319s9999 xx 000 0 ara d
040 _aGCL /
_cGCL
082 0 4 _a811.9611
_bع د
100 0 _aعبدالرحمن الكيلوطى
245 1 0 _aديوان محمد الشاذلى عطاءالله /
_cعبدالرحمان الكيلوطى
300 _a613 ص
650 0 4 _aالشعر العربى
650 0 4 _aالادب العربى
650 0 4 _aالعصر الحديث
650 0 4 _aدواوين وقصائد
650 0 4 _aالادباء التونسيون
650 0 4 _aالشاذلى عطاءالله
700 1 _aجعفر ماجد
942 _2ddc
_cBK
999 _c39405
_d39405